000 00486nam a2200145Ia 4500
008 100122s9999 xx 000 0 und d
082 _b27280
_a823
100 _aमराठे प्र द
245 _aपुण्याची पहाट फुटे
260 _bसरिता प्रक ाशन
_c1978
300 _a154
630 _aपुण्याची पहाट फुटे
730 _aपुण्याची पहाट फुटे
942 _cBOOK
999 _c413363
_d413360